000 00702nam a2200205Ia 4500
005 20230524134840.0
008 131103s9999 xx 000 0 und d
040 _aLoreto College
041 _aEnglish
082 _a824.8
_bCAR-LAV
100 _aLaValley,Albert J.
245 _aCarlyle and the idea of the modern
_b studies in Carlyle's Prophelic literature and its relation to Blake,Nietzsche,Mark and others
_cAlbert J.LaValley
260 _aNew Haven
_bYale University Press
_c1963
300 _axi,351 p.
504 _aIncludes bibliographical references and index
650 _aCarlyle, Thomas- Criticism and Interpretation
651 _aEnglish Essays
850 _aLCLIB
942 _cBK
999 _c5039
_d55518